MARC

LEADER 00000nab a2200000 a 4500
001 vtls010564429
003 SK-MaSNL
005 20260305031418.0
008 131210 2013 xo m 000 0 slo
038 |a PPPK 
040 |a PPPKCL  |b slo  |c PPPK  |e AACR2 
041 0 |a slo 
044 |a xo  |c SK 
080 |a 394.2:398  |2 2001 
245 0 0 |a Zamagurský sviatok folklóru 
300 |b Fotogr. 
500 |a Autor a fotograf článku nie sú uvedení. 
610 2 7 |a Podtatranské osvetové stredisko (Poprad, Slovensko)  |2 pppkcl  |9 33138 
611 2 7 |a Zamagurské folklórne slávnosti  |n (37. :  |d 2013 :  |c Červený Kláštor, Slovensko)  |2 pppkcl  |9 1609036 
648 7 |a 24.-26.5.2013  |2 pppkcl  |9 1247057 
650 0 7 |a folklór  |2 pppkcl  |9 19213 
650 0 7 |a folklórne slávnosti  |2 pppkcl  |9 74761 
651 7 |a Červený Kláštor (Slovensko)  |2 pppkcl  |9 22364 
651 7 |a Kežmarok (Slovensko : okres)  |2 pppkcl  |9 51824 
773 0 |t Starovešťan : spravodajca mesta Spišská Stará Ves  |g Roč. 7, č. 34 (2013), s. 2 
852 |a PPPK  |b KIS3GCP 
999 |c 3316004  |d 3317934